Statistiques concernant Aznavour - Les Comédiens

Cliquez ici pour prendre le quiz!

Statistiques générales

  • Ce quiz a été pris 49 fois
  • Le résultat moyen est 174 sur 279

Statistiques - réponses

Paroles% Correct
l'
100%
comédiens
100%
d'
100%
comme
100%
le
100%
comédiens.
100%
voir
100%
voir
100%
s'
100%
Les
100%
D'
100%
musiciens
100%
les
100%
Voir
100%
comédiens
100%
les
100%
A
98%
Qui
98%
à
98%
vie,
95%
Viens
93%
arrivent...
89%
arrivent
89%
magiciens
86%
la
82%
ont
80%
de
75%
ils
70%
Ils
70%
un
68%
Un
68%
leur
66%
et
64%
leurs
64%
Et
64%
des
61%
dans
61%
Dans
61%
une
61%
en
59%
se
57%
55%
Ou
55%
tout
52%
Quand
48%
quand
48%
au
45%
installé
43%
grand
43%
sur
43%
pour
39%
Vous
39%
vous
39%
Mais
39%
du
39%
Si
34%
nous
34%
renfort
32%
tréteaux
30%
nuit
30%
vont
30%
donc
27%
Sous
27%
va
27%
peu
27%
lever
25%
fin
25%
Avec
25%
avec
25%
soleil
23%
roulotte
23%
voulez
23%
tambour
23%
estrade
23%
matin
20%
théâtre
20%
tendu
18%
autres
18%
ciel
18%
faubourgs
18%
vert
18%
Devant
18%
rideau
18%
parcouru
16%
ouvert
16%
pays,
16%
loin
16%
seront
16%
donné
16%
parade
16%
coups
16%
Demain
16%
chacun
16%
coeur
16%
installer
14%
instant
14%
dressé
14%
folie
14%
calicots
14%
avoir
14%
peinte
14%
villages
11%
église
11%
eux
11%
cortège
11%
rire
11%
rêvé
11%
bonheur
9%
endormis,
9%
fond
9%
Baptiste
9%
triste
9%
heureux
9%
démonté
9%
renaître
9%
derrière
9%
drainent
9%
histoire
9%
trois
9%
arrange
9%
amoureux
9%
chaises
7%
aimez
7%
trembler
7%
lamenter
7%
Poussez
7%
toile
7%
Arlequin
7%
plié
5%
croirons
5%
entrez
5%
étoiles
5%
traversent
5%
retentiront
5%
sérénade
5%
laisseront
5%
coquins
2%
confondus
2%
ôté
0%

Distribution des résultats

Percentile par nombre de réponses

% des personnes avec chaque résultat

Votre développement - résultats

Vous n’avez pas pris ce quiz